000 00384nam a2200169Ia 4500
005 20250507130021.0
008 008 250505s9999 xx 000 0 jpn d
037 _aBound Volumes
040 _aEASL
_beng
_cEASL
041 _ajpn
_2eng
084 _qEASL
245 0 _aShimbun Geppo
260 _c0000
650 _aJL
942 _cCR
999 _c1316436
_d1316436